Представление документа в формате RUSMARC

ПолеНазваниеЗначение
  Тип записи a
  Библиографический уровень a
001 Контрольный номер RU/CBS_Ul/BASE/521902905
005 Дата корректировки 20240209175202.9
100 Данные общей обработки __
a Данные общей обработки 20160715d2016 ||| 0rusy0189 ca
101 Язык документа 0_
a Язык текста rus
102 Страна публикации __
a Страна публикации RU
105 Кодированные данные (монография) __
a Кодированные данные (монография) y###||||000|y
200 Заглавие и сведения об ответственности 1_
a Заглавие 1924 год. Лондон. Русский Дом
b Общее обозначение материала Текст
e Сведения, относящиеся к заглавию [о главе русского посольства в Лондоне (1919-1924) Евгении Васильевиче Саблине и здании посольства]
f Первые сведения об ответственности Е. Миронова
300 Общие примечания __
a Общие примечания Ограничения по возрасту - 12+
320 Библиография __
a Библиография Библиогр.: с. 125
461 Уровень набора _0
1 2000
a Родина
463 Уровень физической единицы _0
1 001RU/CBS_Ul/BASE/512324584
1 2000
a № 2
v С. 123-125 : фото
1 210
d 2016
600 Персоналии _0
a Персоналии (Фамилия) Саблин
b Персоналии (Имя, инициалы) Е.В.
606 Тематические рубрики 0_
a Основная рубрика Дипломатические представительства - Великобритания
y Географическая подрубрика Лондон, город (Великобритания)
606 Тематические рубрики 0_
a Основная рубрика Саблин, Евгений Васильевич (1875 - 1949)
610 Ключевые слова 0_
a Ключевые слова отношения русско-английские
a Ключевые слова дипломатия
a Ключевые слова политические деятели
a Ключевые слова исторические деятели
a Ключевые слова дипломаты русские
a Ключевые слова посольства
686 Индексы других классификаций __
a Классификационный индекс 63.3(0)61
2 Код системы ББК
686 Индексы других классификаций __
a Классификационный индекс 63.3(2)6-8
2 Код системы ББК
700 Автор _1
a Фамилия Миронова
b Имя (инициалы) Е.
801 Источник записи _0
a Страна RU
b Организация МБУК ЦБС г. Ульяновска
c Дата составления 20160715
g Правила каталогизации RCR
801 Источник записи _1
a Страна RU
b Организация МБУК ЦБС г. Ульяновска
c Дата составления 20160715
g Правила каталогизации RCR
901 Тип документа __
t Тип документа b
w Контрольный № источника RU/CBS_Ul/BASE/512324584
910 Корректоры записи __
a Корректор записи Библиотека 1
938 Служебная информация __
a Имя БД period